Guia breu de l'Arxiu Històric de la Diputació de Barcelona
Descripción Física:
15 pàgines : il·lustracions ; 21 cm
Materias:
Arxiu General de la Diputació de Barcelona
; Arxiu General de la Diputació de Barcelona -- Guies
; Arxius -- Barcelona (Província)
; Immigrants -- Catalunya
; Catalunya -- Emigració i immigració
Idioma:
Catalán
MARC
| LEADER | 00000nam a2200000 a 4500 | ||
|---|---|---|---|
| 001 | 26299 | ||
| 005 | 20260324181130.0 | ||
| 008 | 220720b spa||||| |||| 00| 0 cat d | ||
| 017 | |a DL B. 33738-2008 | ||
| 043 | |a e-sp--- |b e-spc-- |2 catmarc | ||
| 080 | |a FU-72-22 | ||
| 090 | |a JV8259.C28 |b M86 2001 | ||
| 110 | 1 | |a Arxiu General de la Diputació de Barcelona |9 52704 | |
| 245 | 0 | 0 | |a Guia breu de l'Arxiu Històric de la Diputació de Barcelona |
| 250 | |a Primera edició | ||
| 260 | |a Barcelona : |b Diputació Barcelona, Xarxa de Municipis, |c juny 2008 | ||
| 300 | |a 15 pàgines : |b il·lustracions ; |c 21 cm | ||
| 610 | 1 | 0 | |a Arxiu General de la Diputació de Barcelona |9 52704 |
| 610 | 2 | 0 | |a Arxiu General de la Diputació de Barcelona |v Guies |9 54352 |
| 650 | 0 | |a Arxius |z Barcelona (Província) |2 Arxiu |9 53953 | |
| 650 | 0 | |a Immigrants |z Catalunya |2 lemac |9 35556 | |
| 651 | 0 | |a Catalunya |x Emigració i immigració |9 53951 | |
| 710 | 1 | |a Barcelona (Catalunya : Província). |b Diputació |9 52408 | |
| 942 | |2 udc |c ARXIU |n 1 | ||
| 952 | |0 0 |1 0 |4 0 |6 FU7222 |7 0 |9 62835 |a Arxiu |b Arxiu |d 2022-07-20 |l 0 |o FU-72-22 |p 26299 |r 2022-07-20 00:00:00 |w 2022-07-20 |y ARXIU | ||
| 999 | |c 82310 |d 82310 | ||